| 000 | 01011nam a2200265 a 4500 | ||
|---|---|---|---|
| 001 | 2115569 | ||
| 003 | PILC | ||
| 005 | 20150112093425.0 | ||
| 008 | 960628s1996 miua b 001 0 eng | ||
| 010 | _a 96164739 | ||
| 020 | _a0866120947 | ||
| 040 |
_aDLC _cDLC |
||
| 050 | 0 | 0 |
_aTX 911.3.M27 _b.W6798 1996 |
| 082 | 0 | 0 |
_aHSF 647.94 _bW865 1996 |
| 100 | 1 |
_aWoods, Robert H. _912398 |
|
| 245 | 1 | 0 |
_aManaging for quality in the hospitality industry / _cRobert H. Woods, Judy Z. King. |
| 260 |
_aEast Lansing, Mich. : _bEducational Institute of the American Hotel & Motel Association, _c1996. |
||
| 300 |
_a440 pages : _billustration ; _c23 cm. |
||
| 504 | _aIncludes bibliographical references and index. | ||
| 650 | 0 |
_aHospitality industry _xManagement. _912399 |
|
| 700 | 1 |
_aKing, Judy Z. _912400 |
|
| 906 |
_a7 _bcbc _corignew _d2 _encip _f19 _gy-gencatlg |
||
| 942 |
_2lcc _cBK |
||
| 999 |
_c12660 _d12660 |
||